000 00671nam a2200229Ia 4500
003 OSt
005 20220925215159.0
006 a|||||r|||| 00| 0
007 ta
008 220923b |||||||| |||| 00| 0 eng d
037 _cGeneral Book
040 _aRTL
_cRTL
_beng
041 _2eng
_aeng
082 _aX:89N.3.N7, L9
100 _aEdwards Richard
_9124248
245 0 _aContested terrain
_b The transformation of the work
260 _aLondon
_bHeinemann
_c1979
300 _aix, 261p Bibliography p 244-52
_ccm.
650 _aWork Study
_9234105
942 _hX:89N.3.N7, L9
_cGB
_2CC
999 _c568123
_d568123